000 00520nam a22001817a 4500
003 BDDh-ASL
005 20231015031058.0
008 221226s p ||||| |||| 00| 0 a d
040 _aBDDh-ASL
_cBDDh-ASL
041 _aara
082 _a297
_bDEM
100 1 _aDehlavi, Abdul Haq
_95303
245 1 0 _aMā Thabata Fī Ayyāmis Sunnah : / ما ثبت بالسنة فى ايام السنة
260 _aLahore :
_bMohammadi Press ,
300 _a100 p. :
_c25 cm.
650 0 _aHadith
_93956
942 _2ddc
_cBK
999 _c29848
_d29848